Russian cities - Sudden Death - Statistics

General Stats
  • This quiz has been taken 100 times
  • The average score is 9 of 12
Answers on the Grid
Answers color-coded by a green-red scale on the quiz's grid according to % correct below.
Sochi
Veliky Novgorod
Lviv
Samarkand
Kaliningrad
Murmansk
Petropavl
Jelgava
Samara
Yekaterinburg
Vladivostok
Lublin
Plovdiv
Batumi
Omsk
Yakutsk
Novosibirsk
Soroca
Yelizovo
Gyumri
Kazan
Cluj-Napoca
 
Answer Stats
Answer % Correct
Vladivostok
88%
Kaliningrad
86%
Sochi
84%
Novosibirsk
83%
Omsk
79%
Yekaterinburg
78%
Yakutsk
76%
Murmansk
75%
Kazan
71%
Samara
68%
Veliky Novgorod
68%
Yelizovo
24%
No matching quizzes found
Score Distribution
Percent of People with Each Score
Percentile by Number Answered
Your Score History
You have not taken this quiz